000 00842nam a22002417a 4500
003 UA-OsUOA
001 130407
007 ta
008 20180423b un ||||| |||| 00| 0 ukr d
100 _aЗахідна О. Р.
700 _aМидлик Ю. І.
700 _aСпалиляк М. В.
090 _a330(477)
_bЗ-38
942 _cSA
040 _aUA-OsUOA
_bukr
_cUA-OsUOA
_dUA-OsUOA
245 _aАналіз регламентованих змін структури видатків місцевих бюджетів та їх вплив на об'єднані територіальні громади
300 _aС.42-46
955 _a0
041 _aukr
080 _a330(477)
773 0 _w130400
_tЕкономіка. Фінанси. Право.
_dК.
_d2018
_g3
650 7 _a330 Економіка взагалі
_2UDC
999 _c418435
_d418435